Código civil francés (Record no. 184561)

MARC details
000 -LEADER
campo de control de longitud fija 00783nam a2200217 i 4500
001 - NÚMERO DE CONTROL
campo de control 184561
003 - IDENTIFICADOR DE NÚMERO DE CONTROL
campo de control ES-MaACL
005 - FECHA Y HORA DE LA ÚLTIMA TRANSACCIÓN
campo de control 20250809231912.0
008 - DATOS DE LONGITUD FIJA--INFORMACIÓN GENERAL
campo de control de longitud fija 151022s1875 sp |||| | spa d
110 1# - ENTRADA PRINCIPAL--NOMBRE DE ENTIDAD CORPORATIVA
Nombre de entidad corporativa o nombre de jurisdicción como elemento de entrada Francia.
9 (RLIN) 134393
240 10 - TÍTULO UNIFORME
Título uniforme Code civil, 1804.
Lenguaje de la obra Español
245 10 - MENCIÓN DEL TÍTULO
Título Código civil francés
Resto del título : comentado, concordado... /
Mención de responsabilidad, etc. por Alberto Aguilera y Velasco.
260 ## - PUBLICACIÓN, DISTRIBUCIÓN, ETC.
Lugar de publicación, distribución, etc. Madrid :
Nombre del editor, distribuidor, etc. [s.n.],
Fecha de publicación, distribución, etc. 1875 (
Fabricante Estab. Tip. de la Colección de los Códigos Europeos)
300 ## - DESCRIPCIÓN FÍSICA
Extensión XXVIII, 470 p ;
Dimensiones 26 cm.
490 1# - MENCIÓN DE SERIE
Mención de serie Colección de códigos europeos
650 04 - PUNTO DE ACCESO ADICIONAL DE MATERIA--TÉRMINO DE MATERIA
Término de materia o nombre geográfico como elemento de entrada Derecho civil-
Subdivisión geográfica Francia.
9 (RLIN) 11665
700 1# - ENTRADA AGREGADA--NOMBRE PERSONAL
Nombre de persona Aguilera y Velasco, Alberto,
Fechas asociadas al nombre 1842-1913
9 (RLIN) 18786
830 1# - PUNTO DE ACCESO ADICIONAL DE SERIE-TÍTULO UNIFORME
Título uniforme Colección de códigos europeos
9 (RLIN) 192173
852 ## - LOCALIZACIÓN
Ubicación ES-MaACL
Número de control de estantería G-12702
Holdings
Estatus retirado Estado de pérdida Estado de daño No para préstamo Colección Biblioteca de origen Biblioteca actual Ubicación en estantería Fecha de adquisición Fuente de adquisición Total de préstamos Signatura topográfica completa Código de barras Visto por última vez Precio de reemplazo Tipo de ítem Koha
        Libros del s. XIX Biblioteca del Ateneo de Madrid Biblioteca del Ateneo de Madrid Sala Pecera Planta 3 22/10/2015     G-12702 1194309 23/02/2023 23/02/2023 Libro impreso antiguo